Engineering mechanics : statics

Αποθηκεύτηκε σε:
Λεπτομέρειες βιβλιογραφικής εγγραφής
Κύριος συγγραφέας: Hibbeler, R. C.
Μορφή: Βιβλίο
Γλώσσα:English
Δημοσίευση: Upper Saddle River, NJ : Prentice-Hall, c1998
Έκδοση:8th ed.
Θέματα:
Ετικέτες: Προσθήκη ετικέτας
Δεν υπάρχουν, Καταχωρήστε ετικέτα πρώτοι!

MARC

LEADER 00000nam a2200000 i 4500
001 1/17085
008 010209s1998 eng d
020 |a 0-13-577032-7 
035 |l 10066008 
040 |a GR-MY-UA  |b gre  |e aacr 
041 0 |a eng 
082 0 |a 620.1053 
100 1 |a Hibbeler, R. C. 
245 1 0 |a Engineering mechanics :  |b statics /  |c R.C.Hibbeler 
250 |a 8th ed. 
260 |a Upper Saddle River, NJ :   |b Prentice-Hall,   |c c1998 
300 |a xv, 624 p. 
504 |a Includes bibliographical references and index 
650 0 0 |a Statics. 
852 |a INST  |b CHIOS  |e 20010209  |h 620.1053 HIB  |p 005200021373  |q 005200021373  |t BK  |y 0 
901 |a BIBL2-2001-1 
909 |a Χ  |b 082778 
922 |a 2ΕΛΗ  |b 200011  |c ΤΜΟΔ  |d ΜΙΧΑΛΟΠΟΥΛΟΣ 
950 |a 186-2000-09-14 
970 |a ΣΑΛΑΜΟΥΡΑ  |b ΜΑΡΙΑ  |z 2001/02/21